[Event "ESP-ch U12 rapid"]
[Site "Salobrena"]
[Date "2023.07.16"]
[Round "9"]
[White "Guillen Urchaga, Daniel"]
[Black "Barrera Baucells, Grau"]
[Result "1-0"]
[WhiteElo "1172"]
[BlackElo "1502"]
[PlyCount "139"]
[EventDate "2023.07.15"]
[EventType "swiss (rapid)"]
[EventRounds "9"]
[EventCountry "ESP"]
[SourceTitle "EXT 2024"]
[Source "ChessBase"]
[SourceDate "2023.10.10"]
[SourceVersion "1"]
[SourceVersionDate "2023.10.10"]
[SourceQuality "1"]

1. d4 d5 2. Nf3 Nf6 3. e3 e6 4. Bd3 c5 5. c3 Bd6 6. Nbd2 0-0 7. 0-0 Nbd7 8. e4 Qc7 9. e5 cxd4 10. exd6 Qxd6 11. cxd4 Ng4 12. h3 Ngf6 13. Re1 Re8 14. Ne5 Qb6 15. Nxd7 Bxd7 16. Nf3 Rac8 17. Ng5 h6 18. Nf3 Bb5 19. Bxb5 Qxb5 20. Qe2 Qa4 21. b3 Qb4 22. Bd2 Qa3 23. Ne5 Rc2 24. Bc1 Qb4 25. Qxc2 Qxe1+ 26. Kh2 Ne4 27. Nf3 Qa5 28. Bd2 Qb5 29. Kg1 Qe2 30. Rf1 Rd8 31. Qd1 Qd3 32. Ba5 Qxd1 33. Rxd1 Rc8 34. Ne1 b6 35. Bb4 a5 36. Ba3 Nc3 37. Ra1 Ne2+ 38. Kf1 Nxd4 39. Rc1 Rb8 40. Nc2 Nb5 41. Bb2 Rc8 42. a4 Nd6 43. Nd4 Rxc1+ 44. Bxc1 Ne4 45. Ke2 Kf8 46. f3 Nc3+ 47. Kd2 Na2 48. Ba3+ Ke8 49. Kc2 Kd7 50. Kb2 Nb4 51. Bxb4 axb4 52. Nb5 Kc6 53. Kc2 Kc5 54. Kd3 e5 55. Nc7 Kc6 56. Ne8 g6 57. Nf6 Kc5 58. Ng4 Kd6 59. Nxh6 f5 60. Nf7+ Ke6 61. Ng5+ Kf6 62. h4 e4+ 63. fxe4 fxe4+ 64. Kd4 Kf5 65. Kxd5 e3 66. Kd4 Kf4 67. Nh3+ Kg3 68. Kxe3 Kxg2 69. Nf4+ Kg3 70. Nxg6 1-0

[Event "ESP-ch U12 rapid"]
[Site "Salobrena"]
[Date "2023.07.16"]
[Round "5"]
[White "Morales Anadon, Javier"]
[Black "Barrera Baucells, Grau"]
[Result "1-0"]
[WhiteElo "1244"]
[BlackElo "1502"]
[PlyCount "113"]
[EventDate "2023.07.15"]
[EventType "swiss (rapid)"]
[EventRounds "9"]
[EventCountry "ESP"]
[SourceTitle "EXT 2024"]
[Source "ChessBase"]
[SourceDate "2023.10.10"]
[SourceVersion "1"]
[SourceVersionDate "2023.10.10"]
[SourceQuality "1"]

1. e4 e5 2. Nf3 Nc6 3. Bc4 Nf6 4. Ng5 d5 5. exd5 Na5 6. Bb5+ c6 7. dxc6 bxc6 8. Be2 h6 9. Nf3 e4 10. Ng1 Bc5 11. d3 exd3 12. Qxd3 Qxd3 13. Bxd3 0-0 14. Ne2 Re8 15. 0-0 Bg4 16. Nbc3 Nb7 17. h3 Bh5 18. Ng3 Bg6 19. Bxg6 fxg6 20. Bd2 Rad8 21. Rad1 Re7 22. Rfe1 Rxe1+ 23. Bxe1 Re8 24. Kf1 Nd6 25. Na4 Nde4 26. Nxe4 Nxe4 27. f3 Rf8 28. Ke2 Re8 29. Kf1 Rf8 30. Nxc5 Nxc5 31. Bb4 Rf5 32. Bxc5 Rxc5 33. c3 g5 34. Rd8+ Kh7 35. Rd7 a5 36. Ke2 Re5+ 37. Kd2 Rc5 38. Kd3 Re5 39. Rd6 c5 40. Ra6 h5 41. c4 Re1 42. Rxa5 Rg1 43. Rxc5 Rxg2 44. b4 h4 45. b5 Rg3 46. Ke3 Rxh3 47. Rxg5 Rh2 48. b6 Kh6 49. Rb5 Rxa2 50. b7 h3 51. b8Q h2 52. Qd6+ Kh7 53. Rb1 Ra3+ 54. Ke4 Ra2 55. Rh1 Re2+ 56. Kf5 Rg2 57. Rxh2+ 1-0

[Event "ESP-ch U12"]
[Site "Salobrena"]
[Date "2023.07.13"]
[Round "6"]
[White "Barrera Baucells, Grau"]
[Black "Bocos Delgado, Jon"]
[Result "0-1"]
[WhiteElo "1482"]
[BlackElo "1684"]
[PlyCount "110"]
[EventDate "2023.07.10"]
[EventType "swiss"]
[EventRounds "9"]
[EventCountry "ESP"]
[SourceTitle "EXT 2024"]
[Source "ChessBase"]
[SourceDate "2023.10.10"]
[SourceVersion "1"]
[SourceVersionDate "2023.10.10"]
[SourceQuality "1"]

1. e4 e6 2. Qe2 c5 3. d3 Nc6 4. Nf3 g6 5. g3 Bg7 6. Bg2 Nge7 7. 0-0 0-0 8. Nbd2 b5 9. Rb1 Nb4 10. Nb3 d6 11. a3 Nbc6 12. Be3 a5 13. Rfd1 Ba6 14. Qd2 Qc7 15. d4 c4 16. Nc1 d5 17. e5 Nf5 18. c3 Rfb8 19. Ne2 Ra7 20. Ng5 h6 21. Nh3 Bc8 22. f4 Nxe3 23. Qxe3 b4 24. Nf2 bxa3 25. bxa3 Rab7 26. Rxb7 Rxb7 27. Rd2 Rb1+ 28. Bf1 Ra1 29. Rb2 Rxa3 30. Qc1 Rb3 31. Qc2 Qb6 32. Nd1 a4 33. Ra2 a3 34. Nc1 Bf8 35. Ne3 Rb2 36. Qa4 Bd7 37. Rxa3 Bxa3 38. Qxa3 Rb5 39. Ng4 Qd8 40. Qd6 Kg7 41. Nf6 Rb7 42. g4 Qe7 43. Qxe7 Nxe7 44. Ne2 Ba4 45. Kf2 Kf8 46. h4 Ng8 47. Nxg8 Kxg8 48. g5 h5 49. Ke3 Rb1 50. Bg2 Bd1 51. Ng3 Rb2 52. Bf3 Bxf3 53. Kxf3 Rd2 54. Ne2 Kf8 55. Ke3 Rd3+ 0-1

[Event "Roncana op-B 14th"]
[Site "Santa Eulalia de Roncana"]
[Date "2022.11.12"]
[Round "5"]
[White "Barrera Baucells, Grau"]
[Black "Argemi Camp, Jaume"]
[Result "1/2-1/2"]
[WhiteElo "1311"]
[BlackElo "1572"]
[PlyCount "128"]
[EventDate "2022.10.08"]
[EventType "swiss"]
[EventRounds "8"]
[EventCountry "ESP"]
[SourceTitle "EXT 2024"]
[Source "ChessBase"]
[SourceDate "2023.10.10"]
[SourceVersion "1"]
[SourceVersionDate "2023.10.10"]
[SourceQuality "1"]

1. e4 d6 2. d4 g6 3. Nc3 Bg7 4. Be3 Nf6 5. Nf3 0-0 6. Bd3 Nc6 7. h4 h5 8. Qd2 a6 9. Bh6 e5 10. Ne2 Bg4 11. Bxg7 Kxg7 12. d5 Ne7 13. Nh2 Bd7 14. f3 c6 15. c4 a5 16. Rg1 a4 17. Rb1 Qa5 18. Nc3 Qb6 19. Ke2 Qc7 20. Qg5 Qd8 21. g4 Nh7 22. Qe3 hxg4 23. Nxg4 Bxg4 24. fxg4 Ng8 25. g5 Qd7 26. Qg3 a3 27. b3 Ne7 28. Rbf1 f6 29. gxf6+ Nxf6 30. Qg5 Nh7 31. Qg3 Nf6 32. Qg5 Nh7 33. Qg3 Rxf1 34. Kxf1 Rf8+ 35. Ke1 Nf6 36. Be2 Rh8 37. Bf3 Nh5 38. Bxh5 Rxh5 39. Rf1 Ng8 40. Rg1 Qf7 41. Nd1 Qf6 42. Rh1 Qf4 43. Qxf4 exf4 44. Ke2 Kf6 45. Nf2 g5 46. hxg5+ Rxg5 47. Rf1 Rg3 48. Nd3 Re3+ 49. Kd2 Rxe4 50. Rxf4+ Rxf4 51. Nxf4 Ke5 52. dxc6 bxc6 53. Nd3+ Kd4 54. Nb4 Ne7 55. Nc2+ Kc5 56. Nxa3 d5 57. cxd5 Nxd5 58. Nc4 Kb4 59. Ne5 c5 60. Nd3+ Kb5 61. a4+ Kc6 62. a5 Kb5 63. a6 Kxa6 64. Nxc5+ Kb5 1/2-1/2

[Event "Roncana op-B 14th"]
[Site "Santa Eulalia de Roncana"]
[Date "2022.10.08"]
[Round "1"]
[White "Barrera Baucells, Grau"]
[Black "Montilla Gordillo, Marti"]
[Result "1-0"]
[WhiteElo "1311"]
[BlackElo "1503"]
[PlyCount "85"]
[EventDate "2022.10.08"]
[EventType "swiss"]
[EventRounds "8"]
[EventCountry "ESP"]
[SourceTitle "EXT 2024"]
[Source "ChessBase"]
[SourceDate "2023.10.10"]
[SourceVersion "1"]
[SourceVersionDate "2023.10.10"]
[SourceQuality "1"]

1. e4 e5 2. Nf3 Nc6 3. Bb5 d6 4. c3 Bd7 5. 0-0 Nf6 6. Re1 Be7 7. d4 exd4 8. cxd4 0-0 9. Nc3 a6 10. Ba4 b5 11. Bb3 Na5 12. e5 Ne8 13. e6 fxe6 14. Bxe6+ Bxe6 15. Rxe6 c6 16. Qe2 Bf6 17. Ne4 Nb7 18. Bg5 h6 19. Nxf6+ Nxf6 20. Bxf6 Rxf6 21. Re1 Kf8 22. Qe4 Rxe6 23. Qxe6 Qe8 24. Qf5+ Qf7 25. Nh4 Qxf5 26. Nxf5 Na5 27. Rc1 Rd8 28. f3 h5 29. Ne3 d5 30. b3 g6 31. Nc2 Re8 32. Kf2 Nb7 33. Ne3 Re6 34. b4 Ke7 35. g4 hxg4 36. Nxg4 a5 37. a3 a4 38. Ne5 Nd8 39. Rg1 Nb7 40. Nxg6+ Kf7 41. Ne5+ Kf8 42. h4 c5 43. Nd7+ 1-0

[Event "ESP-ch U12 Rapid"]
[Site "Salobrena"]
[Date "2022.07.17"]
[Round "7"]
[White "Jove Albaiges, Guillem"]
[Black "Barrera Baucells, Grau"]
[Result "1-0"]
[WhiteElo "1623"]
[BlackElo "1374"]
[PlyCount "65"]
[EventDate "2022.07.09"]
[EventType "swiss (rapid)"]
[EventRounds "9"]
[EventCountry "ESP"]
[SourceTitle "EXT 2023"]
[Source "ChessBase"]
[SourceDate "2022.10.05"]
[SourceVersion "1"]
[SourceVersionDate "2022.10.05"]
[SourceQuality "1"]

1. d4 Nf6 2. c4 e6 3. g3 d5 4. Nf3 Bd6 5. Bg2 0-0 6. 0-0 c5 7. e3 Nbd7 8. cxd5 Nxd5 9. e4 Ne7 10. Nc3 Nb6 11. e5 Bc7 12. dxc5 Nbd5 13. Ne4 Nf5 14. b3 b6 15. Ba3 Bb7 16. Nd6 Nxd6 17. cxd6 Bb8 18. Nd4 Qd7 19. Rc1 Rc8 20. Qh5 a6 21. Rxc8+ Qxc8 22. Rc1 Qd7 23. Be4 g6 24. Qh4 Ba7 25. Nf3 b5 26. Ng5 h5 27. g4 Rc8 28. Rxc8+ Qxc8 29. gxh5 Nc3 30. hxg6 Ne2+ 31. Kf1 fxg6 32. Qh7+ Kf8 33. Qf7# 1-0

[Event "ESP-ch U12 Rapid"]
[Site "Salobrena"]
[Date "2022.07.16"]
[Round "1"]
[White "Barrera Baucells, Grau"]
[Black "Reboredo Barrosa, Antia"]
[Result "1-0"]
[WhiteElo "1374"]
[BlackElo "1126"]
[PlyCount "143"]
[EventDate "2022.07.09"]
[EventType "swiss (rapid)"]
[EventRounds "9"]
[EventCountry "ESP"]
[SourceTitle "EXT 2023"]
[Source "ChessBase"]
[SourceDate "2022.10.05"]
[SourceVersion "1"]
[SourceVersionDate "2022.10.05"]
[SourceQuality "1"]

1. Nf3 d5 2. b3 Nf6 3. Bb2 Nc6 4. g3 Bf5 5. Bg2 e6 6. d3 Be7 7. Nbd2 0-0 8. 0-0 Qd7 9. c4 h6 10. Ne5 Nxe5 11. Bxe5 c5 12. Bb2 Rfd8 13. Nf3 Qc7 14. Nh4 Bh7 15. f4 Ng4 16. Qd2 Bf6 17. Bxf6 Nxf6 18. Nf3 Qd6 19. Ne5 Nd7 20. Qe3 Nxe5 21. Qxe5 Qxe5 22. fxe5 Rac8 23. Rac1 a6 24. Rc3 Bf5 25. Rfc1 b6 26. cxd5 exd5 27. d4 Bg4 28. e3 Bf5 29. dxc5 bxc5 30. Rxc5 Rxc5 31. Rxc5 Be6 32. Rc6 Ra8 33. Rd6 Rc8 34. Bxd5 Bxd5 35. Rxd5 Rc3 36. e4 Rc2 37. Ra5 Re2 38. Rxa6 Rxe4 39. Ra5 Kf8 40. Kf2 Ke7 41. a4 Rb4 42. Rb5 Rd4 43. a5 Rd2+ 44. Kg1 Rd1+ 45. Kg2 Rd2+ 46. Kh3 Ra2 47. b4 Ke6 48. Rb7 Ra4 49. Kg4 Ra2 50. h4 Rf2 51. a6 Ra2 52. b5 Ra5 53. a7 g6 54. b6 Ra4+ 55. Kh3 Ra5 56. Rb8 Kxe5 57. a8Q Rxa8 58. Rxa8 f5 59. Rh8 h5 60. b7 f4 61. gxf4+ Kxf4 62. b8R g5 63. hxg5 Kxg5 64. Rbg8+ Kf5 65. Rxh5+ Ke4 66. Rg4+ Kd3 67. Kh4 Ke3 68. Kg5 Kf3 69. Rh3+ Kf2 70. Ra3 Ke2 71. Rg2+ Kd1 72. Ra1# 1-0

[Event "ESP-ch U12 Rapid"]
[Site "Salobrena"]
[Date "2022.07.16"]
[Round "2"]
[White "Prieto Rol, Esther"]
[Black "Barrera Baucells, Grau"]
[Result "0-1"]
[WhiteElo "1140"]
[BlackElo "1374"]
[PlyCount "36"]
[EventDate "2022.07.09"]
[EventType "swiss (rapid)"]
[EventRounds "9"]
[EventCountry "ESP"]
[SourceTitle "EXT 2023"]
[Source "ChessBase"]
[SourceDate "2022.10.05"]
[SourceVersion "1"]
[SourceVersionDate "2022.10.05"]
[SourceQuality "1"]

1. d4 Nf6 2. Bf4 e6 3. e3 d5 4. Nf3 c5 5. Nbd2 b6 6. c3 Bb7 7. Bd3 Bd6 8. Bxd6 Qxd6 9. Ne5 Nbd7 10. Ndf3 Nxe5 11. Nxe5 Nd7 12. Nxd7 Qxd7 13. 0-0 0-0 14. Re1 Rfe8 15. dxc5 bxc5 16. e4 Rad8 17. exd5 Qxd5 18. Bb5 Qxg2# 0-1

[Event "ESP-ch U12"]
[Site "Salobrena"]
[Date "2022.07.15"]
[Round "7"]
[White "Barrera Baucells, Grau"]
[Black "Gonzalez Gonzalez, Javier I"]
[Result "0-1"]
[WhiteElo "1343"]
[BlackElo "1597"]
[PlyCount "90"]
[EventDate "2022.07.04"]
[EventType "swiss"]
[EventRounds "9"]
[EventCountry "ESP"]
[SourceTitle "EXT 2023"]
[Source "ChessBase"]
[SourceDate "2022.10.05"]
[SourceVersion "1"]
[SourceVersionDate "2022.10.05"]
[SourceQuality "1"]

1. d4 d5 2. c4 c6 3. Nc3 Nf6 4. cxd5 cxd5 5. Bf4 Nc6 6. e3 Bf5 7. Bd3 Bxd3 8. Qxd3 e6 9. Nf3 Bd6 10. Bxd6 Qxd6 11. 0-0 0-0 12. e4 dxe4 13. Nxe4 Nxe4 14. Qxe4 Rfd8 15. Rfd1 Qd5 16. Qxd5 Rxd5 17. Rd2 Rad8 18. Rad1 g5 19. h3 Kg7 20. g4 Kg6 21. Kf1 f5 22. Ke2 h5 23. gxh5+ Kxh5 24. Ke3 Rg8 25. Rh1 Kg6 26. Rg1 Kf6 27. Rgd1 Rh8 28. Ng1 Rh4 29. f3 a5 30. a3 a4 31. Rd3 Na5 32. Rc1 Nb3 33. Rc4 b5 34. Rc6 Rdxd4 35. Rb6 f4+ 36. Ke2 Nc1+ 37. Kd2 Nxd3 38. Rxb5 Nf2+ 39. Kc3 Rd1 40. Ne2 Rxh3 41. Nd4 g4 42. Rb6 Rxd4 43. Kxd4 g3 44. Rb8 g2 45. Rg8 Rg3 0-1

[Event "ESP-ch U12"]
[Site "Salobrena"]
[Date "2022.07.13"]
[Round "4"]
[White "Lazaro Del Arco, Martina"]
[Black "Barrera Baucells, Grau"]
[Result "0-1"]
[WhiteElo "1545"]
[BlackElo "1343"]
[PlyCount "88"]
[EventDate "2022.07.04"]
[EventType "swiss"]
[EventRounds "9"]
[EventCountry "ESP"]
[SourceTitle "EXT 2023"]
[Source "ChessBase"]
[SourceDate "2022.10.05"]
[SourceVersion "1"]
[SourceVersionDate "2022.10.05"]
[SourceQuality "1"]

1. e4 e5 2. Nf3 Nc6 3. Bc4 Nf6 4. d3 Bc5 5. c3 a6 6. 0-0 Ba7 7. Re1 d6 8. h3 h6 9. Nbd2 g5 10. d4 g4 11. dxe5 dxe5 12. Nh2 g3 13. Re2 gxh2+ 14. Kxh2 b5 15. Bb3 Bb7 16. Qe1 Ne7 17. f4 Ng6 18. fxe5 Nxe5 19. Nf3 Nxf3+ 20. gxf3 Qe7 21. Be3 Bxe3 22. Rxe3 Qe5+ 23. Kh1 Rg8 24. Rd1 Qg3 25. Qxg3 Rxg3 26. Kh2 Rg6 27. e5 Nh5 28. e6 fxe6 29. Bxe6 Kf8 30. Rd7 Rg7 31. Rd1 Re7 32. Rg1 Ng7 33. Rg6 Nxe6 34. Rexe6 Rxe6 35. Rxe6 Re8 36. Rxh6 Re2+ 37. Kg3 Rxb2 38. h4 Rxa2 39. h5 Kg7 40. Rg6+ Kf7 41. f4 Rg2+ 42. Kh4 Rxg6 43. hxg6+ Kxg6 44. Kg3 a5 0-1

[Event "ESP-ch U10"]
[Site "Salobrena"]
[Date "2021.07.01"]
[Round "6"]
[White "Pallares Jover, Adrian"]
[Black "Barrera Baucells, Grau"]
[Result "1-0"]
[WhiteElo "1263"]
[BlackElo "1395"]
[PlyCount "113"]
[EventDate "2021.06.28"]
[EventType "swiss"]
[EventRounds "9"]
[EventCountry "ESP"]
[SourceTitle "EXT 2022"]
[Source "ChessBase"]
[SourceDate "2021.10.06"]
[SourceVersion "1"]
[SourceVersionDate "2021.10.06"]
[SourceQuality "1"]

1. e4 e5 2. Nf3 Nc6 3. Bb5 Nf6 4. 0-0 Nxe4 5. Re1 Nd6 6. Nxe5 Nxe5 7. Nc3 Nxb5 8. Rxe5+ Be7 9. Nd5 0-0 10. Nxe7+ Kh8 11. Nxc8 Rxc8 12. Rxb5 b6 13. Rb3 c5 14. d3 Re8 15. Be3 Re6 16. c4 Qe7 17. Rc3 Re8 18. Rc2 f5 19. h3 Qf8 20. Qd2 R8e7 21. a4 Qb8 22. a5 Qc7 23. axb6 axb6 24. Ra8+ Re8 25. Rxe8+ Rxe8 26. Rc1 Kg8 27. b4 cxb4 28. Qxb4 f4 29. Qxb6 Qe5 30. Bd4 Qe2 31. Qd6 Qxd3 32. Qd5+ Kh8 33. Bxg7+ Kxg7 34. Qxd3 Rf8 35. Qxd7+ Rf7 36. Qxf7+ Kxf7 37. Ra1 Ke6 38. Ra5 Kd6 39. Kf1 Kc6 40. Ke2 Kb6 41. Rd5 Kc6 42. Kd3 Kb6 43. Kc3 Kc6 44. Kb4 Kb6 45. Rd6+ Kc7 46. Rh6 Kd7 47. Kc5 Ke7 48. Ra6 Kd7 49. h4 h5 50. f3 Ke7 51. Kd5 Kd8 52. Ra7 Kc8 53. Kd6 Kb8 54. Rh7 Kc8 55. c5 Kb8 56. Kc6 Ka8 57. Kb6 1-0

[Event "ESP-ch U10"]
[Site "Salobrena"]
[Date "2021.06.28"]
[Round "2"]
[White "Linares Miralles, Jordi"]
[Black "Barrera Baucells, Grau"]
[Result "0-1"]
[WhiteElo "1154"]
[BlackElo "1395"]
[PlyCount "96"]
[EventDate "2021.06.28"]
[EventType "swiss"]
[EventRounds "9"]
[EventCountry "ESP"]
[SourceTitle "EXT 2022"]
[Source "ChessBase"]
[SourceDate "2021.10.06"]
[SourceVersion "1"]
[SourceVersionDate "2021.10.06"]
[SourceQuality "1"]

1. e4 e5 2. Nf3 Nc6 3. Bb5 a6 4. Ba4 Nf6 5. d3 d6 6. c3 g6 7. 0-0 Bg7 8. Re1 0-0 9. Nbd2 Nh5 10. Nf1 f5 11. Bb3+ Kh8 12. Ng3 Nxg3 13. fxg3 f4 14. gxf4 exf4 15. h3 Ne5 16. Rf1 Nxf3+ 17. Rxf3 g5 18. Rf2 b5 19. Qh5 Bd7 20. h4 Be8 21. Qxg5 Qxg5 22. hxg5 b4 23. Bd5 c6 24. Bb3 bxc3 25. bxc3 Bxc3 26. Bb2 Bxb2 27. Rxb2 Bf7 28. Ba4 c5 29. Rb6 Rfd8 30. Rf1 Bxa2 31. Rxf4 d5 32. e5 c4 33. dxc4 Bxc4 34. e6 Bb5 35. Bxb5 axb5 36. Rxb5 Re8 37. Rf6 Re7 38. Rxd5 Rae8 39. Re5 Kg7 40. Kf2 Kg8 41. Kf3 Kh8 42. Kg4 Kg8 43. Kh5 Kg7 44. g4 Kg8 45. g6 Kg7 46. g5 hxg6+ 47. Rxg6+ Kh8 48. Kh6 Rh7# 0-1